000
00385nam a22001577a 4500
003
MPLRDC
005
20220104123735.0
008
210129b ||||| |||| 00| 0 eng d
082
_a
177.3 LST
100
_a
廖松涛编译
245
_a
现代社交须知
_c
260
_a
_b
宏信出版社
_c
300
_b
平
650
_a
应用心理学--人际关系
942
_c
BK
_o
177.3 LST
999
_c
13820
_d
13810